| 000 | 00423nam a2200169Ia 4500 | ||
|---|---|---|---|
| 003 | STCL | ||
| 008 | 181203s9999 xx 000 0 und d | ||
| 020 | _a9788184873771 | ||
| 040 |
_aSTCL _bEN _cSTCL |
||
| 082 | _222 | ||
| 100 | _aChowdhury, Sujaul | ||
| 245 | 0 | _aNanostructure Physics and Microelectronics | |
| 260 |
_bNarosa Publishing House _aNew Delhi _c2015 |
||
| 300 | _a280 | ||
| 546 | _aEnglish | ||
| 942 |
_2ddc _cBK |
||
| 999 |
_c83160 _d83160 |
||